Learning by choice in secondary physical education : (Record no. 368)

MARC details
000 -LEADER
fixed length control field 01024cam a22002654a 4500
001 - CONTROL NUMBER
control field 12115065
005 - DATE AND TIME OF LATEST TRANSACTION
control field 20150716112200.0
008 - FIXED-LENGTH DATA ELEMENTS--GENERAL INFORMATION
fixed length control field 000721s2001 ilua b 001 0 eng
010 ## - LIBRARY OF CONGRESS CONTROL NUMBER
LC control number 00059681
020 ## - INTERNATIONAL STANDARD BOOK NUMBER
International Standard Book Number 0880116889 (pbk.)
040 ## - CATALOGING SOURCE
Original cataloging agency DLC
Transcribing agency DLC
Modifying agency DLC
042 ## - AUTHENTICATION CODE
Authentication code pcc
050 00 - LIBRARY OF CONGRESS CALL NUMBER
Classification number GV363
Item number .K32 2001
082 00 - DEWEY DECIMAL CLASSIFICATION NUMBER
Classification number 613.7/071/273
Edition number 21
100 1# - MAIN ENTRY--PERSONAL NAME
Personal name Kaardal, Kevin,
Dates associated with a name 1962-
245 10 - TITLE STATEMENT
Title Learning by choice in secondary physical education :
Remainder of title creating a goal-directed program /
Statement of responsibility, etc. Kevin Kaardal.
260 ## - PUBLICATION, DISTRIBUTION, ETC. (IMPRINT)
Place of publication, distribution, etc. Champaign, IL :
Name of publisher, distributor, etc. Human Kinetics,
Date of publication, distribution, etc. c2001.
300 ## - PHYSICAL DESCRIPTION
Extent vii, 256 p. :
Other physical details ill. ;
Dimensions 28 cm.
650 #0 - SUBJECT ADDED ENTRY--TOPICAL TERM
Topical term or geographic name as entry element Physical education and training
General subdivision Study and teaching (Secondary)
650 #0 - SUBJECT ADDED ENTRY--TOPICAL TERM
Topical term or geographic name as entry element Physical education and training
General subdivision Curricula.
504 ## - BIBLIOGRAPHY, ETC. NOTE
Bibliography, etc Includes bibliographical references (p. 253) and index.
906 ## - LOCAL DATA ELEMENT F, LDF (RLIN)
a 7
b cbc
c orignew
d 1
e ocip
f 20
g y-gencatlg
942 ## - ADDED ENTRY ELEMENTS (KOHA)
Source of classification or shelving scheme Dewey Decimal Classification
Koha item type Book
Holdings
Withdrawn status Lost status Source of classification or shelving scheme Damaged status Not for loan Home library Current library Date acquired Source of acquisition Inventory number Total Checkouts Full call number Barcode Date last seen Price effective from Koha item type Shelving location
    Dewey Decimal Classification     Main Library West Wing Main Library West Wing 31/05/2023 Donation 0033066   613.7071273 KAA GU-MLW23051824 31/05/2023 31/05/2023 Book General Stacks
    Dewey Decimal Classification     Main Library West Wing Main Library West Wing 31/05/2023 Donation 0033065   613.7071273 KAA GU-MLW23051825 31/05/2023 31/05/2023 Book General Stacks
    Dewey Decimal Classification     Medical Library Medical Library 02/04/2014 donation 0033685   613.7/071/273 1814 16/07/2015 16/07/2015 Book  

Gulu University Library | Gulu University P.O. Box : 166 Gulu, Uganda
Tel : +256-(0) 4714-32924 or +256-(0) 4714-33988 or +256-(0) 4714-32094 / E-mail : library@gu.ac.ug